|
|
|
|
| LEADER |
00000cam a2200000 i 4500 |
| 001 |
1/75359 |
| 008 |
960729s1958 gr | ||| |||| ||gre|| |
| 035 |
|
|
|a 1987
|c Αγορά
|l 10032103
|
| 040 |
|
|
|a GR-MY-UA
|b gre
|e aacr
|
| 041 |
0 |
|
|a gre
|
| 082 |
0 |
|
|a 780.9495
|
| 100 |
1 |
|
|a Μοτσενίγος, Σπύρος Γ.,
|d 1911-1970.
|
| 245 |
1 |
0 |
|a Νεοελληνική μουσική :
|b συμβολή εις την ιστορία της /
|c Σπύρος Γ. Μοτσένιγος
|
| 260 |
|
|
|a Αθήνα :
|b [χ.ό.],
|c 1958
|
| 300 |
|
|
|a 462 σ.
|
| 650 |
0 |
0 |
|a Music
|z Greece
|x History and criticism.
|
| 852 |
|
|
|a INST
|b RHODES
|e 19960729
|h 780.9495 ΜΟΤ
|p 005400000683
|q 005400000683
|t BK
|y 0
|
| 852 |
|
|
|a INST
|b RHODES
|e 19960729
|h 780.9495 ΜΟΤ
|p 005400000684
|q 005400000684
|t BK
|y 0
|
| 909 |
|
|
|a Ρ
|b 007963
|
| 909 |
|
|
|a Ρ
|b 007964
|